Financial Accounting (Record no. 5293)
[ view plain ]
| 000 -LEADER | |
|---|---|
| fixed length control field | 00509cam a2200205ua 4500 |
| 008 - FIXED-LENGTH DATA ELEMENTS--GENERAL INFORMATION | |
| fixed length control field | 131118n ii |||gr||||Z||||||eng |
| 020 ## - INTERNATIONAL STANDARD BOOK NUMBER | |
| International Standard Book Number | 978-81-272-3526-0 |
| 040 ## - CATALOGING SOURCE | |
| Transcribing agency | MAIN |
| 082 ## - DEWEY DECIMAL CLASSIFICATION NUMBER | |
| Classification number | 657 |
| 245 ## - TITLE STATEMENT | |
| Title | Financial Accounting |
| Statement of responsibility, etc. | By S.P. Jain |
| 250 ## - EDITION STATEMENT | |
| Edition statement | 5th rev ed. |
| 260 ## - PUBLICATION, DISTRIBUTION, ETC. | |
| Place of publication, distribution, etc. | Ludhiana: |
| Name of publisher, distributor, etc. | Kalyani Publishers, |
| Date of publication, distribution, etc. | 2007. |
| 300 ## - PHYSICAL DESCRIPTION | |
| Extent | x,827p. |
| 700 ## - ADDED ENTRY--PERSONAL NAME | |
| Personal name | Jain,S.P., |
| Relator term | |
| 700 ## - ADDED ENTRY--PERSONAL NAME | |
| Personal name | Narang,K.L., |
| Relator term | |
| 942 ## - ADDED ENTRY ELEMENTS (KOHA) | |
| Koha item type | Books |
| 653 ## - INDEX TERM--UNCONTROLLED | |
| Uncontrolled term | Commerce |
| 653 ## - INDEX TERM--UNCONTROLLED | |
| Uncontrolled term | Financial Accounting |
| Withdrawn status | Lost status | Damaged status | Not for loan | Home library | Current library | Shelving location | Date acquired | Total Checkouts | Full call number | Barcode | Date last seen | Copy number | Price effective from | Koha item type |
|---|---|---|---|---|---|---|---|---|---|---|---|---|---|---|
| Naharkatiya College Library | Naharkatiya College Library | General Stacks | 19/09/2020 | 657 | JAI | 18240 | 24/09/2021 | 2 | 19/09/2020 | Books | |||||
| Naharkatiya College Library | Naharkatiya College Library | General Stacks | 19/09/2020 | 657 | JAI | 18241 | 19/09/2020 | 1 | 19/09/2020 | Books |
